<?xml version="1.0" encoding="UTF-8"?>
<collection xmlns="http://www.loc.gov/MARC21/slim">
 <record>
  <leader>05229cam a2200997   4500</leader>
  <controlfield tag="001">643828400</controlfield>
  <controlfield tag="003">DE-627</controlfield>
  <controlfield tag="005">20241214213121.0</controlfield>
  <controlfield tag="007">tu</controlfield>
  <controlfield tag="008">110112s2011    gw ||||| m    00| ||ger c</controlfield>
  <datafield tag="015" ind1=" " ind2=" ">
   <subfield code="a">11,N02</subfield>
   <subfield code="2">dnb</subfield>
  </datafield>
  <datafield tag="015" ind1=" " ind2=" ">
   <subfield code="a">11,N02</subfield>
   <subfield code="2">dnb</subfield>
  </datafield>
  <datafield tag="016" ind1="7" ind2=" ">
   <subfield code="a">1008692905</subfield>
   <subfield code="2">DE-101</subfield>
  </datafield>
  <datafield tag="020" ind1=" " ind2=" ">
   <subfield code="a">9783832960537</subfield>
   <subfield code="c">Pb. : EUR 86.00 (DE), sfr 119.00 (freier Pr.)</subfield>
   <subfield code="9">978-3-8329-6053-7</subfield>
  </datafield>
  <datafield tag="024" ind1="3" ind2=" ">
   <subfield code="a">9783832960537</subfield>
  </datafield>
  <datafield tag="035" ind1=" " ind2=" ">
   <subfield code="a">(DE-627)643828400</subfield>
  </datafield>
  <datafield tag="035" ind1=" " ind2=" ">
   <subfield code="a">(DE-576)336119194</subfield>
  </datafield>
  <datafield tag="035" ind1=" " ind2=" ">
   <subfield code="a">(DE-599)DNB1008692905</subfield>
  </datafield>
  <datafield tag="035" ind1=" " ind2=" ">
   <subfield code="a">(OCoLC)706938595</subfield>
  </datafield>
  <datafield tag="035" ind1=" " ind2=" ">
   <subfield code="a">(OCoLC)706938595</subfield>
  </datafield>
  <datafield tag="040" ind1=" " ind2=" ">
   <subfield code="a">DE-627</subfield>
   <subfield code="b">ger</subfield>
   <subfield code="c">DE-627</subfield>
   <subfield code="e">rakwb</subfield>
  </datafield>
  <datafield tag="041" ind1=" " ind2=" ">
   <subfield code="a">ger</subfield>
  </datafield>
  <datafield tag="044" ind1=" " ind2=" ">
   <subfield code="c">XA-DE-BW</subfield>
  </datafield>
  <datafield tag="082" ind1="0" ind2=" ">
   <subfield code="a">340</subfield>
   <subfield code="q">BSZ</subfield>
  </datafield>
  <datafield tag="082" ind1="0" ind2=" ">
   <subfield code="a">346.430482</subfield>
  </datafield>
  <datafield tag="082" ind1="0" ind2="4">
   <subfield code="a">340</subfield>
   <subfield code="q">DNB</subfield>
  </datafield>
  <datafield tag="084" ind1=" " ind2=" ">
   <subfield code="a">9,10</subfield>
   <subfield code="a">2</subfield>
   <subfield code="2">ssgn</subfield>
  </datafield>
  <datafield tag="084" ind1=" " ind2=" ">
   <subfield code="a">9,10</subfield>
   <subfield code="2">ssgn</subfield>
  </datafield>
  <datafield tag="084" ind1=" " ind2=" ">
   <subfield code="a">PE 745</subfield>
   <subfield code="2">rvk</subfield>
   <subfield code="0">(DE-625)rvk/135551:</subfield>
  </datafield>
  <datafield tag="084" ind1=" " ind2=" ">
   <subfield code="a">PN 849</subfield>
   <subfield code="2">rvk</subfield>
   <subfield code="0">(DE-625)rvk/137775:</subfield>
  </datafield>
  <datafield tag="084" ind1=" " ind2=" ">
   <subfield code="a">86.29</subfield>
   <subfield code="2">bkl</subfield>
  </datafield>
  <datafield tag="084" ind1=" " ind2=" ">
   <subfield code="a">86.28</subfield>
   <subfield code="2">bkl</subfield>
  </datafield>
  <datafield tag="084" ind1=" " ind2=" ">
   <subfield code="a">86.58</subfield>
   <subfield code="2">bkl</subfield>
  </datafield>
  <datafield tag="084" ind1=" " ind2=" ">
   <subfield code="a">86.64</subfield>
   <subfield code="2">bkl</subfield>
  </datafield>
  <datafield tag="090" ind1=" " ind2=" ">
   <subfield code="a">a</subfield>
  </datafield>
  <datafield tag="100" ind1="1" ind2=" ">
   <subfield code="a">Garbers- von Boehm, Katharina</subfield>
   <subfield code="0">(DE-588)142458597</subfield>
   <subfield code="0">(DE-627)636288579</subfield>
   <subfield code="0">(DE-576)276055195</subfield>
   <subfield code="4">aut</subfield>
  </datafield>
  <datafield tag="245" ind1="1" ind2="0">
   <subfield code="a">Rechtliche Aspekte der Digitalisierung und Kommerzialisierung musealer Bildbestände</subfield>
   <subfield code="b">unter besonderer Berücksichtigung des Urheberrechts</subfield>
   <subfield code="c">Katharina Garbers-von Boehm</subfield>
  </datafield>
  <datafield tag="250" ind1=" " ind2=" ">
   <subfield code="a">1. Aufl.</subfield>
  </datafield>
  <datafield tag="264" ind1=" " ind2="1">
   <subfield code="a">Baden-Baden</subfield>
   <subfield code="b">Nomos-Verl.-Ges.</subfield>
   <subfield code="c">2011</subfield>
  </datafield>
  <datafield tag="300" ind1=" " ind2=" ">
   <subfield code="a">332 S.</subfield>
   <subfield code="b">Ill.</subfield>
  </datafield>
  <datafield tag="336" ind1=" " ind2=" ">
   <subfield code="a">Text</subfield>
   <subfield code="b">txt</subfield>
   <subfield code="2">rdacontent</subfield>
  </datafield>
  <datafield tag="337" ind1=" " ind2=" ">
   <subfield code="a">ohne Hilfsmittel zu benutzen</subfield>
   <subfield code="b">n</subfield>
   <subfield code="2">rdamedia</subfield>
  </datafield>
  <datafield tag="338" ind1=" " ind2=" ">
   <subfield code="a">Band</subfield>
   <subfield code="b">nc</subfield>
   <subfield code="2">rdacarrier</subfield>
  </datafield>
  <datafield tag="490" ind1="1" ind2=" ">
   <subfield code="a">Schriften zum geistigen Eigentum und zum Wettbewerbsrecht</subfield>
   <subfield code="v">39</subfield>
  </datafield>
  <datafield tag="500" ind1=" " ind2=" ">
   <subfield code="a">Literaturverz. S. 317 - 332</subfield>
  </datafield>
  <datafield tag="502" ind1=" " ind2=" ">
   <subfield code="a">Zugl.: Dresden, Techn. Univ., Diss., 2010</subfield>
  </datafield>
  <datafield tag="583" ind1="1" ind2=" ">
   <subfield code="a">Archivierung/Langzeitarchivierung gewährleistet</subfield>
   <subfield code="f">PEBW</subfield>
   <subfield code="x">XA-DE-BW</subfield>
   <subfield code="2">pdager</subfield>
   <subfield code="5">DE-31</subfield>
  </datafield>
  <datafield tag="583" ind1="1" ind2=" ">
   <subfield code="a">Archivierung/Langzeitarchivierung gewährleistet</subfield>
   <subfield code="f">PESN</subfield>
   <subfield code="x">XA-DE-SN</subfield>
   <subfield code="2">pdager</subfield>
   <subfield code="5">DE-14</subfield>
  </datafield>
  <datafield tag="583" ind1="1" ind2=" ">
   <subfield code="a">Archivierung/Langzeitarchivierung gewährleistet</subfield>
   <subfield code="f">SSG</subfield>
   <subfield code="x">XA-DE-BW</subfield>
   <subfield code="2">pdager</subfield>
   <subfield code="5">DE-16</subfield>
  </datafield>
  <datafield tag="583" ind1="1" ind2=" ">
   <subfield code="a">Archivierung prüfen</subfield>
   <subfield code="c">20240324</subfield>
   <subfield code="f">DE-4165</subfield>
   <subfield code="z">2</subfield>
   <subfield code="2">pdager</subfield>
  </datafield>
  <datafield tag="650" ind1="0" ind2="7">
   <subfield code="0">(DE-588)4123065-6</subfield>
   <subfield code="0">(DE-627)105757853</subfield>
   <subfield code="0">(DE-576)209556587</subfield>
   <subfield code="a">Digitalisierung</subfield>
   <subfield code="2">gnd</subfield>
  </datafield>
  <datafield tag="650" ind1="0" ind2="7">
   <subfield code="0">(DE-588)4006568-6</subfield>
   <subfield code="0">(DE-627)106376977</subfield>
   <subfield code="0">(DE-576)208866256</subfield>
   <subfield code="a">Bild</subfield>
   <subfield code="2">gnd</subfield>
  </datafield>
  <datafield tag="650" ind1="0" ind2="7">
   <subfield code="0">(DE-588)4127776-4</subfield>
   <subfield code="0">(DE-627)105722200</subfield>
   <subfield code="0">(DE-576)209596449</subfield>
   <subfield code="a">Kommerzialisierung</subfield>
   <subfield code="2">gnd</subfield>
  </datafield>
  <datafield tag="650" ind1="0" ind2="7">
   <subfield code="0">(DE-588)4062127-3</subfield>
   <subfield code="0">(DE-627)106133446</subfield>
   <subfield code="0">(DE-576)20914257X</subfield>
   <subfield code="a">Urheberrecht</subfield>
   <subfield code="2">gnd</subfield>
  </datafield>
  <datafield tag="650" ind1="0" ind2="7">
   <subfield code="0">(DE-588)4131892-4</subfield>
   <subfield code="0">(DE-627)105691755</subfield>
   <subfield code="0">(DE-576)209631066</subfield>
   <subfield code="a">Museumsbestand</subfield>
   <subfield code="2">gnd</subfield>
  </datafield>
  <datafield tag="655" ind1=" " ind2="7">
   <subfield code="a">Hochschulschrift</subfield>
   <subfield code="0">(DE-588)4113937-9</subfield>
   <subfield code="0">(DE-627)105825778</subfield>
   <subfield code="0">(DE-576)209480580</subfield>
   <subfield code="2">gnd-content</subfield>
  </datafield>
  <datafield tag="689" ind1="0" ind2="0">
   <subfield code="d">g</subfield>
   <subfield code="0">(DE-588)4011882-4</subfield>
   <subfield code="0">(DE-627)104704861</subfield>
   <subfield code="0">(DE-576)208896155</subfield>
   <subfield code="a">Deutschland</subfield>
   <subfield code="2">gnd</subfield>
  </datafield>
  <datafield tag="689" ind1="0" ind2="1">
   <subfield code="d">s</subfield>
   <subfield code="0">(DE-588)4131892-4</subfield>
   <subfield code="0">(DE-627)105691755</subfield>
   <subfield code="0">(DE-576)209631066</subfield>
   <subfield code="a">Museumsbestand</subfield>
   <subfield code="2">gnd</subfield>
  </datafield>
  <datafield tag="689" ind1="0" ind2="2">
   <subfield code="d">s</subfield>
   <subfield code="0">(DE-588)4174471-8</subfield>
   <subfield code="0">(DE-627)105371912</subfield>
   <subfield code="0">(DE-576)209957069</subfield>
   <subfield code="a">Fotoarchiv</subfield>
   <subfield code="2">gnd</subfield>
  </datafield>
  <datafield tag="689" ind1="0" ind2="3">
   <subfield code="d">s</subfield>
   <subfield code="0">(DE-588)4123065-6</subfield>
   <subfield code="0">(DE-627)105757853</subfield>
   <subfield code="0">(DE-576)209556587</subfield>
   <subfield code="a">Digitalisierung</subfield>
   <subfield code="2">gnd</subfield>
  </datafield>
  <datafield tag="689" ind1="0" ind2="4">
   <subfield code="d">s</subfield>
   <subfield code="0">(DE-588)4121857-7</subfield>
   <subfield code="0">(DE-627)104297557</subfield>
   <subfield code="0">(DE-576)209546743</subfield>
   <subfield code="a">Vermarktung</subfield>
   <subfield code="2">gnd</subfield>
  </datafield>
  <datafield tag="689" ind1="0" ind2="5">
   <subfield code="d">s</subfield>
   <subfield code="0">(DE-588)4062127-3</subfield>
   <subfield code="0">(DE-627)106133446</subfield>
   <subfield code="0">(DE-576)20914257X</subfield>
   <subfield code="a">Urheberrecht</subfield>
   <subfield code="2">gnd</subfield>
  </datafield>
  <datafield tag="689" ind1="0" ind2=" ">
   <subfield code="5">DE-101</subfield>
  </datafield>
  <datafield tag="751" ind1=" " ind2=" ">
   <subfield code="a">Dresden</subfield>
   <subfield code="0">(DE-588)4012995-0</subfield>
   <subfield code="0">(DE-627)106345745</subfield>
   <subfield code="0">(DE-576)20890140X</subfield>
   <subfield code="4">uvp</subfield>
  </datafield>
  <datafield tag="787" ind1="0" ind2="8">
   <subfield code="i">Rezensiert in</subfield>
   <subfield code="a">Graf, Klaus, 1958 - </subfield>
   <subfield code="t">[Rezension von: Katharina Garbers-von Boehm, Rechtliche Aspekte der Digitalisierung und Kommerzialisierung musealer Bildbestände]</subfield>
   <subfield code="d">2012</subfield>
   <subfield code="w">(DE-627)1801909849</subfield>
  </datafield>
  <datafield tag="830" ind1=" " ind2="0">
   <subfield code="a">Schriften zum geistigen Eigentum und zum Wettbewerbsrecht</subfield>
   <subfield code="v">39</subfield>
   <subfield code="9">3900</subfield>
   <subfield code="w">(DE-627)519680928</subfield>
   <subfield code="w">(DE-576)25773712X</subfield>
   <subfield code="w">(DE-600)2257503-0</subfield>
   <subfield code="7">ns</subfield>
  </datafield>
  <datafield tag="856" ind1="4" ind2="2">
   <subfield code="u">https://swbplus.bsz-bw.de/bsz336119194inh.htm</subfield>
   <subfield code="m">B:DE-576;DE-B212</subfield>
   <subfield code="q">application/pdf</subfield>
   <subfield code="v">20110207090535</subfield>
   <subfield code="x">Verlag</subfield>
   <subfield code="3">Inhaltsverzeichnis</subfield>
  </datafield>
  <datafield tag="856" ind1="4" ind2="2">
   <subfield code="u">https://swbplus.bsz-bw.de/bsz336119194rez.htm</subfield>
   <subfield code="m">B:DE-576;DE-16</subfield>
   <subfield code="q">application/pdf</subfield>
   <subfield code="v">20121001165444</subfield>
   <subfield code="x">Verlag</subfield>
   <subfield code="3">Rezension</subfield>
  </datafield>
  <datafield tag="856" ind1="4" ind2="2">
   <subfield code="u">http://www.sehepunkte.de/2012/09/19685.html</subfield>
   <subfield code="m">V:DE-576;X:Sehepunkte</subfield>
   <subfield code="q">text/html</subfield>
   <subfield code="v">20180413101158</subfield>
   <subfield code="3">Rezension</subfield>
  </datafield>
  <datafield tag="935" ind1=" " ind2=" ">
   <subfield code="i">sf</subfield>
  </datafield>
  <datafield tag="935" ind1=" " ind2=" ">
   <subfield code="i">Blocktest</subfield>
  </datafield>
  <datafield tag="936" ind1="r" ind2="v">
   <subfield code="a">PE 745</subfield>
   <subfield code="b">Einzeldarstellungen</subfield>
   <subfield code="k">Rechtswissenschaft</subfield>
   <subfield code="k">Handelsrecht, Gesellschafts- und Unternehmensrecht sowie sonstiges privates Wirtschaftsrecht</subfield>
   <subfield code="k">Gewerblicher Rechtsschutz und Urheberrecht</subfield>
   <subfield code="k">Urheber- und Verlagsrecht</subfield>
   <subfield code="k">Einzeldarstellungen</subfield>
   <subfield code="0">(DE-627)1271165562</subfield>
   <subfield code="0">(DE-625)rvk/135551:</subfield>
   <subfield code="0">(DE-576)201165562</subfield>
  </datafield>
  <datafield tag="936" ind1="r" ind2="v">
   <subfield code="a">PN 849</subfield>
   <subfield code="b">Kulturverwaltungsrecht</subfield>
   <subfield code="k">Rechtswissenschaft</subfield>
   <subfield code="k">Verwaltungswissenschaften und Verwaltungsrecht</subfield>
   <subfield code="k">Besonderes Verwaltungsrecht</subfield>
   <subfield code="k">Kulturverwaltungsrecht</subfield>
   <subfield code="0">(DE-627)1271331209</subfield>
   <subfield code="0">(DE-625)rvk/137775:</subfield>
   <subfield code="0">(DE-576)201331209</subfield>
  </datafield>
  <datafield tag="936" ind1="b" ind2="k">
   <subfield code="a">86.29</subfield>
   <subfield code="j">Wettbewerbsrecht</subfield>
   <subfield code="j">Kartellrecht</subfield>
   <subfield code="0">(DE-627)10642257X</subfield>
  </datafield>
  <datafield tag="936" ind1="b" ind2="k">
   <subfield code="a">86.28</subfield>
   <subfield code="j">Gewerblicher Rechtsschutz</subfield>
   <subfield code="j">Verlagsrecht</subfield>
   <subfield code="0">(DE-627)106422561</subfield>
  </datafield>
  <datafield tag="936" ind1="b" ind2="k">
   <subfield code="a">86.58</subfield>
   <subfield code="j">Schulrecht</subfield>
   <subfield code="j">Bildungsrecht</subfield>
   <subfield code="j">Hochschulrecht</subfield>
   <subfield code="0">(DE-627)10641075X</subfield>
  </datafield>
  <datafield tag="936" ind1="b" ind2="k">
   <subfield code="a">86.64</subfield>
   <subfield code="j">Besonderes Verwaltungsrecht: Sonstiges</subfield>
   <subfield code="0">(DE-627)181570300</subfield>
  </datafield>
  <datafield tag="951" ind1=" " ind2=" ">
   <subfield code="a">BO</subfield>
  </datafield>
  <datafield tag="990" ind1=" " ind2=" ">
   <subfield code="a">Deutschland</subfield>
  </datafield>
  <datafield tag="990" ind1=" " ind2=" ">
   <subfield code="a">Museumsbestand</subfield>
  </datafield>
  <datafield tag="990" ind1=" " ind2=" ">
   <subfield code="a">Fotoarchiv</subfield>
  </datafield>
  <datafield tag="990" ind1=" " ind2=" ">
   <subfield code="a">Digitalisierung</subfield>
  </datafield>
  <datafield tag="990" ind1=" " ind2=" ">
   <subfield code="a">Vermarktung</subfield>
  </datafield>
  <datafield tag="990" ind1=" " ind2=" ">
   <subfield code="a">Urheberrecht</subfield>
  </datafield>
  <datafield tag="991" ind1=" " ind2=" ">
   <subfield code="a">Rezensiertes Werk</subfield>
  </datafield>
  <datafield tag="999" ind1=" " ind2=" ">
   <subfield code="a">KXP-PPN643828400</subfield>
   <subfield code="e">4169732367</subfield>
  </datafield>
 </record>
</collection>
